Blood will out : essays on liquid transfers and flows

Αποθηκεύτηκε σε:
Λεπτομέρειες βιβλιογραφικής εγγραφής
Άλλοι συγγραφείς: Carsten, Janet (edtf)
Μορφή: Βιβλίο
Γλώσσα:English
Δημοσίευση: Chichester, West Sussex, United Kingdom : John Wiley & Sons Inc., [2013]
Θέματα:
Ετικέτες: Προσθήκη ετικέτας
Δεν υπάρχουν, Καταχωρήστε ετικέτα πρώτοι!

MARC

LEADER 00000cam a2200000 a 4500
001 1/116124
008 180315s2013####enk| ||| |||| ||eng||
020 |a 9781118656280  
040 |a GR-MyUa  |b gre  |c GR-MyUa  |e AACR2 
041 0 |a eng 
082 7 |a 306.4   |2 (23) 
245 0 0 |a Blood will out :   |b essays on liquid transfers and flows /   |c edited by Janet Carsten.  
260 |a Chichester, West Sussex, United Kingdom :   |b John Wiley & Sons Inc.,   |c [2013] 
300 |a viii, 187 σ. ;   |c 25 εκ.  
500 |a "Originally published as volume 19, special Issue May 2013 of The Journal of the Royal Anthropological Institute" 
504 |a Περιλαμβάνει βιβλιογραφία και ευρετήριο.  
650 0 |a Blood  |x Symbolic aspects. 
650 0 |a Blood  |x Social aspects. 
650 0 |a Blood  |x History. 
700 1 |a Carsten, Janet,  |e edtf 
852 |a INST  |b LESVOS  |e 20180315  |h 306.4 BLO  |p 005100060079  |q 005100060079  |t BK  |y 0 
970 |a Τζαφέρη  |b Ευαγγελία  |z 15-03-2018